MDQL
is popping MORE tags! Check the
thread
!
Quizzes
Events
Quiz Creation
Community
Videos
Private Events
Remove Ads
Sign In
Join for FREE
Feedback
Dark Mode
Quiz Categories
Sports
Geography
Music
Movies
Television
Just For Fun
Miscellaneous
History
Literature
Language
Science
Gaming
Entertainment
Religion
Holiday
For Kids
Quiz Lab
Recent
Popular Today
Quiz Kudos Today
Editor Picks
Curator Picks
Quizzes by...
Day
Popularity
Type
Ratings
Length
Year
Community
Subscriptions
Recent Discussions
Orange Saloon
Badges
Playlists
Quests
Create
Leaderboards
Showdown
Live 5
Trivia Bingo
Activity
Puzzle Library
Sporcle Events
Private Events
Virtual Trivia
Globe League
Become a Host
Pub Owners
SporcleCon
Opinionation
Our Games
Videos
Blog
Mobile Apps
Partnerships
Remove Ads and Go Orange
Feedback
Sports
Athletes
MLB
NBA
NHL
NFL
Soccer
Sports Teams
WWE
NCAA
Football
Premier League
Basketball
Baseball
Hockey
Golf
Tennis
Cricket
Rugby
Auto Racing
Olympics
World Cup
Sports
Athletes
MLB
NBA
NHL
NFL
Soccer
Sports Teams
WWE
NCAA
Football
Premier League
Basketball
Baseball
Hockey
Golf
Tennis
Cricket
Rugby
Auto Racing
Olympics
World Cup
Random Quiz
Search Sporcle
×
Quiz Lab
Quiz Lab
Sports
WWE
Type in answers that appear in a list
Type in answers that appear in a list
Classic
Best Score? Go Orange.
WWE PPV Main Events Stats
Can you name the WWE PPV Main Eventers?
By
Shawty
15m
134 Questions
90 Plays
90 Plays
90 Plays
Comments
Comments
Give Quiz Kudos
Give Quiz Kudos
-
- Ratings
hide this ad
Replay
Link that replays current quiz
Next Quiz
Link to next quiz in quiz playlist
You Got
0%
They Got
Avg Score
54%
Avg Friend Score
Upgrade to see
Score Distribution
Jump to the score distribution portion of the page
Score
0/134
Timer
15:00
0
Plays Today
Answer
% Correct
Triple H
97.8%
John Cena
96.7%
Undertaker
95.6%
Shawn Michaels
93.3%
Edge
93.3%
Steve Austin
92.2%
Bret Hart
92.2%
The Rock
91.1%
Batista
88.9%
Chris Jericho
88.9%
Owen Hart
87.8%
Randy Orton
86.7%
Big Show
86.7%
Randy Savage
86.7%
Mick Foley
84.4%
Chris Benoit
84.4%
Kane
83.3%
Brock Lesnar
83.3%
CM Punk
82.2%
Kurt Angle
82.2%
Ultimate Warrior
82.2%
Hulk Hogan
80%
Diesel
80%
RVD
80%
Eddie Guerrero
80%
Daniel Bryan
79.4%
Booker T
78.9%
British Bulldog
77.8%
Jeff Hardy
76.7%
Rey Mysterio
76.7%
Vince Mcmahon
76.7%
Ric Flair
76.7%
Christian
76.5%
Yokozuna
75.6%
Shane McMahon
75.6%
Andre the Giant
74.4%
The Miz
73.3%
Goldust
73.3%
Mr T
73.3%
JBL
71.1%
Ted Dibiase
71.1%
Roddy Piper
71.1%
Ted Dibiase
71.1%
Sheamus
67.6%
Sid
66.7%
Answer
% Correct
Cody Rhodes
66.7%
Devon Dudley
65.6%
Bubba Ray Dudley
65.6%
Sgt Slaughter
64.4%
Paul Orndorff
63.3%
Billy Gunn
63.3%
Road Dogg
63.3%
Animal
62.2%
Hawk
61.1%
King Kong Bundy
60%
Alberto Del Rio
57.8%
Mark henry
57.8%
Dolph Ziggler
57.8%
Bam Bam Bigelow
56.7%
Lex Luger
56.7%
Rick Rude
56.7%
Vader
55.6%
Great Khali
55.6%
Goldberg
54.4%
R-Truth
54.4%
John Morrison
54.4%
Jim Neidhart
54.4%
Wade Barrett
53.3%
Big Boss Man
53.3%
Jerry lawler
53.3%
Lashley
52.2%
Ken Shamrock
51.1%
Rikishi
51.1%
Ryback
50%
Earthquake
50%
Umaga
48.9%
IRS
47.8%
Lance Taylor
47.8%
Hardcore Holly
47.8%
Test
46.7%
Rick Steiner
45.6%
Scott Steiner
45.6%
Faarooq
44.4%
Terry Funk
43.3%
DDP
42.2%
Heath Slater
42.2%
David Otunga
42.2%
Darren Young
42.2%
Antonio Cesaro
41.2%
Typhoon
41.1%
Answer
% Correct
Crush
41.1%
Justin Gabriel
41.1%
Tito Santana
40%
Ahmed Johnson
38.9%
Brian Pillman
37.8%
Carlito
37.8%
Michael Tarver
37.8%
Haku
36.7%
Finlay
36.7%
Iron Sheik
36.7%
Brutus Beefcake
35.6%
Warlord
35.6%
Rhyno
35.6%
Paul Roma
34.4%
Marty Jannetty
34.4%
Hercules
34.4%
Zeus
33.3%
Savio Vega
33.3%
Don Muraco
32.2%
Chris Masters
32.2%
Akeem
30%
Arn Anderson
30%
Mabel
29.2%
Tatanka
28.9%
Mike Knox
26.7%
Ko Ko B Ware
25.6%
Ludvig Borga
25.6%
Snitsky
24.4%
Butch Reed
23.3%
Bobby Heenan
23.3%
Maven
23.3%
Hill Billly Jim
21.1%
John Studd
21.1%
Kenny
21.1%
Red Rooster
18.9%
Jacques
18.9%
Paul Heyman
18.9%
Mitch
18.9%
Ken Patera
17.8%
Johnny
17.8%
Mikey
14.4%
John Laurinaitis
14.4%
Tama
8.9%
Jim Powers
8.9%
Quiz Playlist
Details
Report
Send in Message
Add To Playlist
Classic:
Type in answers that appear in a list
Last Updated: Feb 16, 2017
Quiz Scoreboard
CHALLENGE
Sign Up to Join the Scoreboard
Show All
Scores
Hide
Comments
May contain spoilers
Recently Published
1-10 Letter E Words III
by El_Dandy
Language
2m
Street Fighter Characters
by Artimus82
Gaming
60s
College Basketball Coaching Resumes
by pancakes188
Sports
9m
More to Explore
Quiz From the Vault
Featured Blog Post
Where Did the Easter Bunny Come From?
hide this ad
You Might Also Like...
Tags
WWE Quiz
amount
PPV
PPV Main
Venter
Today's Top Quizzes in Sports
Browse Sports
hide this ad
Today's Top Quizzes in WWE
Browse WWE
Top Contributed Quizzes in Sports
1
2022 World Cup Stars
2
Les meilleurs buteurs des matchs entre le PSG et l’OM
3
FIFA Club World Cup Champions
4
Les entraîneurs de l'OM et du PSG au 21e siècle
5
Criteria MLB: Left Handed Sluggers
6
2023 MLB Unique Player Accomplishments
7
AFC Teams Reveal (Wrong Answers Minefield)
8
Players with Multiple 50 Home Run Seasons
9
NBA Logic Puzzle 2.0
10
5-to-1: FBS Animal Nicknames
Explore More
Trending Topics
Harry Potter
NBA
Disney
Anime
Kpop
Crossword
Marvel
NFL
The Office
WWE
Country
Pokémon
Song
Puzzle
Soccer
hide this ad
More By:
Shawty
Quiz
Plays
Rating
Category
Featured
Created
WWE 2K14 Roster
3,144
2.88
Sports
Sep 14, 2013
WWE Most PPV Wins
1,337
4.20
Sports
Dec 18, 2013
WWE Chris Jericho PPV Opponents
540
2.75
Sports
Sep 27, 2013
WWE Antonio Cesaro PPV Opponents
360
4.50
Sports
Sep 20, 2013
WCW PPV Main Events
241
4.67
Sports
Sep 12, 2013
Go to Creator's Profile
Score Distribution
Quiz Creator Spotlight
Shawty
Follow
Send a Message
Quizzes Created
-
Created Quiz Play Count
-
More By This Creator
Popular Quizzes Today
1
Find the US States - No Outlines Minefield
2
Find the Countries of Europe - No Outlines Minefield
3
Find the US States
4
The Countries of the World
5
Risky Map Clicking: Biggest States A-Z
6
US States
7
Popular People in 1961
8
Movies - When Are They Set?
More Sports Quizzes
2002 Formula 1 Driver Photo
Quiz Lab
Trending Quizzes
Risky Map Clicking: Least Populous States A-Z
1-10 Letter G Words
1-10 Letter F Words
Countries of the World: 200 Million BC
Risky Map Clicking: Next State Alphabetically
Recently Updated
Rides in Walt Disney World
pecheneg
Most Oscar Losses (Acting)
pecheneg
Beyoncé Albums
pecheneg
Leaping Animals
pecheneg
Reality TV Shows (A-Z)
bhenderson79
Rickey Henderson's Hall of Fame Teammates
pecheneg
Champions League XIs: Arsenal
pecheneg
Quick Pick: Celebrities in WWE's Hall of Fame
aduchscher
A-Z Keypad Blitz II
pecheneg
Trending Topics
Marvel
Kpop
Anime
Harry Potter
Crossword
Disney
NBA
NFL
Puzzle
Song
Pokémon
Country
Soccer
The Office
WWE
Your Account Isn't Verified!
In order to create a playlist on Sporcle, you need to verify the email address you used during registration. Go to your
Sporcle Settings
to finish the process.
Report this User
Report this user for behavior that violates our
Community Guidelines
.
Details:
Send Report
Go to the Sporcle.com Mobile Site →
Comments